The peacock in splendour : (Record no. 94346)
[ view plain ]
| 000 -LEADER | |
|---|---|
| fixed length control field | 00661nam a22001937a 4500 |
| 005 - DATE AND TIME OF LATEST TRANSACTION | |
| control field | 20230817113151.0 |
| 010 ## - LCCN (DPL NO) | |
| LC control number | ENG-113297 |
| 020 ## - INTERNATIONAL STANDARD BOOK NUMBER | |
| Terms of availability | 2500.00 |
| International Standard Book Number | 978817522450 |
| 035 ## - SYSTEM CONTROL NUMBER | |
| System control number | EN-96829 |
| 037 ## - SOURCE OF ACQUISITION | |
| Source of stock number/acquisition | DBAD/PUB |
| 082 ## - DEWEY DECIMAL CLASSIFICATION NUMBER | |
| Classification number | 509.54 |
| 100 ## - MAIN ENTRY--PERSONAL NAME | |
| Personal name | Deb, B.M. |
| 245 ## - TITLE STATEMENT | |
| Title | The peacock in splendour : |
| Statement of responsibility, etc | by B.M. Deb |
| Remainder of title | science, literature and art in ancient and medieval India / |
| 260 ## - PUBLICATION, DISTRIBUTION, ETC. (IMPRINT) | |
| Place of publication, distribution, etc | Kolkata |
| Name of publisher, distributor, etc | Visva Bharati |
| Date of publication, distribution, etc | 2015 |
| 270 ## - ADDRESS | |
| Address | 6, Acharya Jagadish Chandra Bose Road, |
| City | Kolkata |
| Postal code | 700017 |
| 300 ## - PHYSICAL DESCRIPTION | |
| Extent | xxii,530p. : |
| Dimensions | 28cm(Hb) |
| Other physical details | col. phoptos |
| 500 ## - GENERAL NOTE | |
| General note | Includes bibliographical references and index |
| 942 ## - ADDED ENTRY ELEMENTS (KOHA) | |
| Source of classification or shelving scheme | Dewey Decimal Classification |
| Item type | English Books |
| Call number suffix | DEB |
| Classification part | 509.54 |
| Withdrawn status | Lost status | Not for loan | Collection code | Home library | Current library | Date acquired | Source of acquisition | Cost, normal purchase price | Full call number | Barcode | Copy number | Cost, replacement price | Koha item type |
|---|---|---|---|---|---|---|---|---|---|---|---|---|---|
| Not For Loan | Reference | Central Library | Central Library | 17/06/2015 | DBAD/PUB | 2500.00 | 509.54DEB | EN-96829 | 1 | 2500.00 | English Books |
